000
nam a22 7a 4500
999
_c
233178
_d
233178
003
Nust
005
20170303155751.0
008
170303b xxu||||| |||| 00| 0 eng d
040
_c
DLC
082
_a
891.4391 ANW
245
_a
میلی میلی دھوپ
_c
انور مسعود
260
_a
Islamabad :
_c
2006
300
_a
141p. :
_c
25cm
942
_2
ddc
_c
BK